Northernmost Countries Where It Doesn't Snow - Statistics

General Stats
  • This quiz has been taken 19,426 times
  • The average score is 12 of 18
Answer Stats
° N Country % Correct
31.60 Egypt
85%
23.27 Cuba
76%
22.20 Sudan
75%
27.27 Bahamas
73%
23.48 Chad
73%
19.92 Dominican Republic
71%
20.07 Haiti
71%
35.92 Malta
70%
25.07 Mali
69%
23.52 Niger
69%
18.98 Jamaica
68%
30.10 Kuwait
61%
26.15 Qatar
61%
26.28 Bahrain
59%
22.48 Laos
59%
20.45 Thailand
59%
21.12 Philippines
52%
26.63 Bangladesh
46%
No matching quizzes found
Score Distribution
Percent of People with Each Score
Percentile by Number Answered
Your Score History
You have not taken this quiz